[Event "Winterthur op U20"]
[Site "Winterthur"]
[Date "2002.10.18"]
[Round "6"]
[White "Nuri, Kiana"]
[Black "Buergi, Benjamin"]
[Result "0-1"]
[WhiteElo "1569"]
[BlackElo "1625"]
[PlyCount "118"]
[EventDate "2002.10.11"]
[EventType "swiss"]
[EventRounds "7"]
[EventCountry "SUI"]
[SourceTitle "EXT 2004"]
[Source "ChessBase"]
[SourceDate "2003.11.25"]
[SourceVersion "1"]
[SourceVersionDate "2003.11.25"]
[SourceQuality "1"]

1. d4 Nf6 2. c4 e6 3. Nc3 d5 4. Bg5 Nbd7 5. cxd5 exd5 6. Nxd5 Nxd5 7. Bxd8 Bb4+ 8. Qd2 Bxd2+ 9. Kxd2 Kxd8 10. e3 N7f6 11. f3 Re8 12. e4 Nf4 13. Rc1 c6 14. Ne2 Nxe2 15. Bxe2 Be6 16. b3 Kc7 17. Rc2 Rad8 18. Ke3 Kb8 19. Rb1 Nd7 20. a4 f5 21. a5 fxe4 22. fxe4 Bf5 23. Bd3 Nf6 24. e5 Bxd3 25. Kxd3 Rxe5 26. a6 c5 27. axb7 Rxd4+ 28. Kc3 Kxb7 29. Kb2 Red5 30. Re1 Re4 31. Rxe4 Nxe4 32. Kc1 Kb6 33. Re2 Rd4 34. Re3 Kb5 35. h3 Kb4 36. Kb2 a5 37. g4 c4 38. bxc4 a4 39. c5 Kxc5 40. Ka3 Rb4 41. h4 Rb3+ 42. Rxb3 axb3 43. Kxb3 Kd5 44. Kc2 Ke5 45. Kd3 Nf2+ 46. Ke3 Nxg4+ 47. Kf3 Kf5 48. Kg3 Nf6 49. Kf3 Nh5 50. Kg2 Kg4 51. Kh2 Kxh4 52. Kh1 Kh3 53. Kg1 g5 54. Kh1 Ng3+ 55. Kg1 g4 56. Kf2 Kh2 57. Ke3 Nf1+ 58. Kf2 g3+ 59. Kxf1 g2+ 0-1

[Event "Zuerich op-B 26th"]
[Site "Zuerich"]
[Date "2002.??.??"]
[Round "6"]
[White "Nuri, Kiana"]
[Black "Schoeb, Peter"]
[Result "1-0"]
[WhiteElo "1564"]
[BlackElo "1394"]
[PlyCount "79"]
[EventDate "2002.12.26"]
[EventType "swiss"]
[EventRounds "7"]
[EventCountry "SUI"]
[SourceTitle "EXT 2019"]
[Source "ChessBase"]
[SourceDate "2018.10.10"]
[SourceVersion "1"]
[SourceVersionDate "2018.10.10"]
[SourceQuality "1"]

1. d4 d5 2. c4 e6 3. Nc3 Nf6 4. Bg5 Nbd7 5. a3 c6 6. e3 Be7 7. Nf3 0-0 8. Bd3 a6 9. 0-0 Ne8 10. Bxe7 Qxe7 11. c5 Ndf6 12. Rc1 Qc7 13. Bb1 h6 14. Qc2 Bd7 15. Ne5 Rc8 16. Ng4 h5 17. Ne5 Rb8 18. f4 b6 19. b4 b5 20. Rf3 g6 21. Rg3 Kh8 22. Rh3 Ng7 23. g4 Kg8 24. Kh1 hxg4 25. Rg3 Nf5 26. Rgg1 Nxe3 27. Qe2 Nf5 28. Nxg4 Nxg4 29. Qxg4 Qd8 30. Ne2 Qf6 31. Rc3 Nxd4 32. Bxg6 fxg6 33. Nxd4 Kg7 34. Ne2 Qf5 35. Qh4 Rh8 36. Qe7+ Qf7 37. Rxg6+ Kxg6 38. Rg3+ Kf5 39. Qxf7+ Ke4 40. Qg6# 1-0